Word Ladder: Philadelphia Quiz Stats

 Plays Quiz Updated Jun 19, 2016

Challenge
Share
Tweet
Embed
Score 0/38 Timer 04:00
2 Plays Today
Clue 4-Letter Word % Correct
Pedaled way of transportationBIKE
98%
* What Ben Franklin flew **KITE*
96.5%
A small taste of foodBITE
96.1%
Extreme dislikeHATE
95.7%
* Liberty ___ **BELL*
94.9%
Not easyHARD
94.5%
Another word for murderKILL
94.3%
HairlessBALD
93.8%
* This is dribbled at the Wells Fargo Center **BALL*
93.3%
What's paid after a meal at a restaurantBILL
93.2%
* Phillies slugger ___ Schmidt **MIKE*
93.2%
Not sickWELL
92.9%
Traditional Scottish menswear KILT
92.8%
'___ the Herald Angels Sing!'HARK
92.3%
Camping shelterTENT
91.4%
It supports a ceiling in a roomWALL
90.9%
* Fairmount ___ **PARK*
90%
Heavy breath from a dogPANT
89.9%
Stuff you find in your dryer or belly buttonLINT
89.7%
Clue 4-Letter Word % Correct
Green citrus fruitLIME
89.4%
* City founder William ___ **PENN*
89.1%
* Building in Philly that coins money **MINT*
88.8%
* A small container of Breyers ice cream **PINT*
88.8%
* Flyers' secret weapon ___ Smith **KATE*
88.2%
* Independence ___ **HALL*
88%
A shade or variety of a colorTINT
87.8%
Medieval poetBARD
86.9%
* City ___ Ave. **LINE*
86.5%
A piece of something largerPART
86.4%
Ferret like animal used in fur coatsMINK
86.2%
Revolutionary War hero Nathan ___HALE
85.2%
Abbr. for 'the Volunteer State'TENN
85.2%
Handle of a sword or knifeHILT
84.8%
* Society ___ **HILL*
84.2%
Repressed or confinedPENT
83.3%
* Philly-born R&B and pop songstress **PINK*
83.1%
Capital of TogoLOMÉ
59.3%
* One-word famous sculpture in Philly **LOVE*
41.2%

Today's Daily Dose

You're not logged in!

Compare scores with friends on all Sporcle quizzes.
Join for Free
OR
Log In

You Might Also Like...

Show Comments

Extras

Top Quizzes Today


Score Distribution

Your Account Isn't Verified!

In order to create a playlist on Sporcle, you need to verify the email address you used during registration. Go to your Sporcle Settings to finish the process.

Report this User

Report this user for behavior that violates our Community Guidelines.

Details: